000 00480nam a2200169Ia 4500
008 241217s9999||||xx |||||||||||||| ||und||
020 _a0-13-121276-1
_c69.95
040 _beng
_cSSK Library
_erda
082 _a658.8/KOT
100 _a Philip Kotler & Gary Armstrong -
245 0 _aPrinciples Of Marketing
250 _a10th ed
260 _b Pearson Education International
_c©2004
942 _2Dewey Decimal Classification
_cBOOK
_nNo
999 _c23564
_d23564
003 OSt
005 20241217112906.0